[Event "Tatarstan-ch"]
[Site "Kazan"]
[Date "2016.09.24"]
[Round "9"]
[White "Semenov, Mikhail"]
[Black "Nadrshin, Timur"]
[Result "1-0"]
[WhiteElo "1680"]
[BlackElo "1405"]
[PlyCount "129"]
[EventDate "2016.09.16"]
[EventType "swiss"]
[EventRounds "9"]
[EventCountry "RUS"]
[SourceTitle "CBM 174 Extra"]
[Source "ChessBase"]
[SourceDate "2016.10.10"]
[SourceVersion "1"]
[SourceVersionDate "2016.10.10"]
[SourceQuality "1"]

1. e4 c5 2. Nc3 Nc6 3. g3 g6 4. Bg2 Bg7 5. Nge2 e6 6. 0-0 Nge7 7. d3 0-0 8. Be3 Nd4 9. Qd2 Re8 10. f4 Nec6 11. a3 Nxe2+ 12. Qxe2 Nd4 13. Qd2 Rb8 14. e5 d5 15. exd6 Qxd6 16. Ne4 Qc7 17. Kh1 f5 18. Bxd4 Bxd4 19. c3 Bg7 20. Ng5 h6 21. Nf3 b6 22. Rae1 Ba6 23. Re3 Rbd8 24. Rfe1 Rd6 25. Bf1 Qd7 26. Qc2 Rd8 27. Qb3 Qc6 28. Bg2 Qc8 29. Bf1 b5 30. Ne5 Bxe5 31. Rxe5 c4 32. dxc4 bxc4 33. Qb4 Qb7+ 34. Qxb7 Bxb7+ 35. Bg2 Bc8 36. Bf1 Rc6 37. Bg2 Rb6 38. R5e2 Kf7 39. Bf3 Bd7 40. Rd2 Rbb8 41. Red1 Ke7 42. Kg1 Be8 43. Rxd8 Rxd8 44. Rxd8 Kxd8 45. Be2 Bb5 46. b3 Kc7 47. a4 Ba6 48. b4 Kd6 49. b5 Bc8 50. Bxc4 Kc5 51. Ba2 Kb6 52. Kf2 Ka5 53. Bb3 Bb7 54. Ke3 Bd5 55. Bxd5 exd5 56. Kd4 Kxa4 57. Kxd5 Kxb5 58. c4+ Kb6 59. Kd6 a5 60. c5+ Kb7 61. Kd7 a4 62. c6+ Kb6 63. c7 a3 64. c8Q a2 65. Qa8 1-0